Cenový manažment podniku diplomová práca

Gespeichert in:
Bibliographische Detailangaben
1. Verfasser: Kolesár, Ján
Körperschaft: Fakulta podnikového manažmentu EU. Katedra podnikovohospodárska
Weitere Verfasser: Strieška, Ľubomír
Format: Buch
Sprache:Slowakisch
Veröffentlicht: Bratislava 2009
Tags: Tag hinzufügen
Keine Tags, Fügen Sie das erste Tag hinzu!

MARC

LEADER 00000nam$a2200000$$$4500
001 0101645
005 20240419112356.3
041 0 |a slo 
044 |a SK 
245 1 0 |a Cenový manažment podniku  |b diplomová práca  |c Ján Kolesár ; školiteľ: Ľubomír Strieška 
264 1 |a Bratislava  |c 2009 
300 |a 69 s. 
100 1 |a Kolesár, Ján 
700 1 |a Strieška, Ľubomír 
710 2 |a Fakulta podnikového manažmentu EU. Katedra podnikovohospodárska